Sports Quiz

Random Sports or NFL Quiz

NFL Playoff Sack Leaders Quiz Stats

 Plays Quiz Updated Feb 6, 2018

Challenge
Share
Tweet
Embed
Score 0/20 Timer 05:00
1 Play Today
Sacks Player % Correct
12Reggie White
77.3%
12.5Terrell Suggs
77%
14.5Bruce Smith
75.8%
9.5Neil Smith
75.1%
11James Harrison
71.5%
11Dwight Freeney
54.8%
9.5Michael Strahan
54.6%
8.5Kevin Greene
52.2%
11Clay Matthews
49.8%
11Charles Haley
40.7%
Sacks Player % Correct
8Sean Jones
39.4%
10.5Richard Dent
28%
16Willie McGinest
26.9%
9Mike Vrabel
21.9%
8Dexter Manley
13.1%
11Lamar Woodley
11.4%
10Charles Mann
10%
10Trace Armstrong
5.6%
10Tony Tolbert
2.8%
9Jeff Wright
2.7%

You're not logged in!

Compare scores with friends on all Sporcle quizzes.
OR
Log In

You Might Also Like...

Show Comments

Extras

Top Quizzes Today


Score Distribution

Your Account Isn't Verified!

In order to create a playlist on Sporcle, you need to verify the email address you used during registration. Go to your Sporcle Settings to finish the process.

Report this User

Report this user for behavior that violates our Community Guidelines.

Details: